Fantastic Four Villains by Picture - Statistics

General Stats
  • This quiz has been taken 151 times
  • The average score is 13 of 28
Answer Stats
Picture Answer % Correct
Doctor Doom
100%
Galactus
97%
Mole Man
83%
Super-Skrull
77%
Annihilus
70%
Klaw
66%
Molecule Man
64%
Ronan the Accuser
59%
Hydro-Man
58%
Wizard
57%
Impossible Man
53%
Maximus the Mad
51%
Terrax
48%
Dragon Man
47%
Puppet-Master
47%
Red Ghost
45%
Mad Thinker
41%
Trapster
41%
Awesome Android
34%
Blastaar
34%
Psycho-Man
34%
Giganto
30%
Malice
28%
Igor
25%
Peotor
22%
Miklho
18%
Salamandra
10%
Volcana
9%
No matching quizzes found
Score Distribution
Percent of People with Each Score
Percentile by Number Answered
Your Score History
You have not taken this quiz